|
|
|
|
| LEADER |
00000nab a2200000 a 4500 |
| 001 |
vtls010168860 |
| 003 |
SK-MaSNL |
| 005 |
20260303092001.0 |
| 008 |
100916c20100916xo drz 0 0slo |
| 038 |
|
|
|a KEVKJB
|
| 040 |
|
|
|a KEVKJB
|b slo
|c KEVKJB
|e AACR2
|
| 041 |
0 |
|
|a slo
|
| 044 |
|
|
|a xo
|c SK
|
| 080 |
|
|
|a 59:069.029
|2 2001
|
| 100 |
1 |
|
|a Podhorská, Kveta
|4 ivr
|4 aut
|9 872973
|
| 245 |
1 |
0 |
|a Nový šéf zoo: Mojím snom je panda
|b srdcovkou Ericha Kočnera sú leopardy a pelikány
|c Kveta Podhorská
|
| 300 |
|
|
|b Fotogr.
|
| 600 |
1 |
7 |
|a Kočner, Erich
|2 kevkjb
|9 11051
|
| 610 |
2 |
7 |
|a Zoologická záhrada (Košice, Slovensko)
|x riaditeľ
|2 kevkjb
|9 1083092
|
| 651 |
|
7 |
|a Košice (Slovensko)
|2 kevkjb
|9 18694
|
| 655 |
|
7 |
|a rozhovory
|2 kevkjb
|9 31831
|
| 700 |
1 |
|
|a Kočner, Erich
|4 ive
|4 aut
|9 11051
|
| 773 |
0 |
|
|t Košický Korzár
|g Roč. XIII, č. 213 (16.9.2010), s. 6
|x 1335-4566
|
| 852 |
|
|
|a KEVKJB
|b KIS3GCP
|
| 999 |
|
|
|c 1810213
|d 1812143
|